| 000 | 00473nam a22001817a 4500 | ||
|---|---|---|---|
| 008 | 230803b ||||| |||| 00| 0 eng d | ||
| 020 | _a9789327272840 | ||
| 040 | _aMAIN | ||
| 082 |
_a808.06658 _bMIT |
||
| 100 | _aMitra,G.S. | ||
| 245 | _aAn Introduction to Basics of Academic Project Preparartion | ||
| 250 | _a2nd | ||
| 260 |
_aNew Delhi _bKalyani Pub,Ludhiana _c2018 |
||
| 300 | _a140p.; | ||
| 650 | _aAcademic Project | ||
| 700 | _bMitra,M.K. | ||
| 942 |
_2ddc _cBK |
||
| 999 |
_c15224 _d15224 |
||